NWOBHM Bands - Statistics

General Stats
  • This quiz has been taken 21 times
  • The average score is 23 of 69
Answer Stats
Hint Answer % Correct
Running Free, Purgatory, Children Of The Damned Iron Maiden
94%
Frozen Rainbow, Stand Up And Be Counted, And The Bands Played On Saxon
83%
One Thousand Days In Sodom, In Nomine Satanas, Die Hard Venom
72%
Getcha Rocks Off, High 'n' Dry (Saturday Night), Rock Rock (Till You Drop) Def Leppard
67%
Shoot Out The Lights, Sucking My Love, Borrowed Time Diamond Head
67%
Baphomet, Sweet Danger, Angel Of Death Angel Witch
61%
Suzie Smiled, Gangland, Take It Tygers Of Pan Tang
61%
Crash Bang Wallop, All For One, Inquisitor Raven
56%
Struck By Lightning, Turn Your Head Around, Walking Barefoot Over Glass Tank
56%
Invisible Hate, Death Penalty, Love On Smack Witchfinder General
56%
Liar, The Spell, Don't Break The Circle Demon
50%
Hollywood Tease, My Number, Wasted Youth Girl
50%
Take It All Away, Future Flash, Screaming Blue Murder Girlschool
50%
Smokin' Valves, Death Or Glory, Heavy Metal Mania Holocaust
50%
Captured City, Cheated, Panic In The Streets Praying Mantis
50%
Hard Times, Riding With The Angels, Angel With A Machine Gun Samson
50%
Kiss Of Death, Trial By Fire, Alone In The Dock Satan
50%
Let It Loose, Berlin, Dirty Money Savage
50%
Powergame, Midnight Rendez-Vous, Night Of The Blade Tokyo Blade
50%
Ready To Roll, Give 'Em Hell, Stagefright Witchfynde
50%
Future Warriors, Total Metal, Queen Of Death Atomkraft
44%
Back Street Woman, Axe Crazy, Dutch Connection Jaguar
44%
Killing Time, Eye Of The Storm, The Raid Sweet Savage
44%
Wrath Of The Ripper, Matter Of Time,,Lust For Freedom Grim Reaper
39%
The Witch Of Berkeley, Lay Down, No Fun After Midnight AIIZ
33%
You'll Never Take Me (Alive), Rough Ride, Revenge Attack Avenger
33%
Ready To Deliver, Burn This Town, Chopper Attack Battleaxe
33%
Buried Alive, A Time Of Changes, Armageddon Blitzkrieg
33%
Nightstalker, Crack The Whip, Nova Battlestar Cloven Hoof
33%
Sweet Dream Maker, Burning Alive, No Way Out Gaskin
33%
Seven Days Of Splendour, The Raid, The Hypnotist Jameson Raid
33%
Back To You, Satisfied Then Crucified, Heavy Metal Rock 'n' Roll Rock Goddess
33%
Let's Go, 100 MPH, Power Under Foot Vardis
33%
Love Or Leave Me, Run With The Pack, Screams The Night Chariot
28%
You'll Never Get Me Up (In One Of Those), Turn The Hell On, Too Hot Fist
28%
Mainline Riders, Stand Up And Fight,Stoking Up The Fires Of Hell Quartz
28%
Heroes, Saints And Fools, No More Lonely Nights, Meet Me At Midnight Saracen
28%
Blind Men & Fools, Ballad Of Edward Case, The Watcher Tytan
28%
Total Armageddon (Full Scale Attack), Electric Mayhem, Metal Anarchy Warfare
28%
Cheetah, Midnight Chaser, High Upon High White Spirit
28%
Metalyzed, Red, Raw & Bleeding, Battlescarred Blood Money
22%
Chained And Desperate, Rock And Roll Thunder, V8 Crash Chateaux
22%
Let Battle Commence, Deliver Us From Evil, The Oppressors Hell
22%
Flying High, Warlord, Promised Land Hollow Ground
22%
Road Rocket, Warhead, Blood And Thunder More
22%
Edge Of A Knife,Something In The Air, Black Summer Nightwing
22%
In the Wake Of Armadeus, Judgement Of The Dead, The Black Mass Pagan Altar
22%
Riding High, Too Different, Rise Up Persian Risk
22%
One Of These Days, Bright Lights, Man And Machine Trespass
22%
Direct Line, Hot Licks & Rock 'N' Roll, Rock Night Dedringer
17%
Return Of The Gods, Aftermath, Sharpen Your Wits Geddes Axe
17%
Sweeties, Local Heroes, High Speed Handsome Beasts
17%
In And Out Of Love, Love Times Love, Rock Me Heavy Pettin
17%
All Systems Go (Full Scale Emergency), Motivated By Desire, S.P.G.C. Hellanbach
17%
Death and Destiny, Overlord, Killer Mythra
17%
En Cachent,Stranger Lands, Call Me In The Morning Shiva
17%
It's A Mad Mad World, Set The Stage Alight, Liar Weapon
17%
Shadows Of The Night, Teaser, Turn Of The Tide Dark Heart
11%
Heaven To Hell, Atlantis, Samurai Grand Prix
11%
Hiroshima,Time Bomb, Death In The Nursery Legend
11%
Man Of Colours, Metal Man, Ashes To Ashes Limelight
11%
Rock You Tonight, Lady Of The Night, Some Like It Hot Marseille
11%
Travelling Man, Black Widow, White Lightning Paralex
11%
Gerrymander, Scapegoat, Inhumane Pariah
11%
Crazy Motorcycle, Get Off My Back, Look Out Rogue Male
11%
Feel Good, 1984, Garabandal Sledgehammer
11%
Cold Hearted, Assassin, Sentenced To Die Spartan Warrior
11%
Duma, Richard III, Which Way To Go Tredegar
11%
Dog Soldiers (Hoyahammaowahea), Dead Meat, Don't Let The Bastards (Grind You Down) Tysondog
11%
No matching quizzes found
Score Distribution
Percent of People with Each Score
Percentile by Number Answered
Your Score History
You have not taken this quiz